Jazykovedný sborník : časopis Jazykovedného odboru Matice slovenskej.

Uložené v:
Podrobná bibliografia
Nový názov:Jazykovedný sborník Slovenskej akadémie vied a umení
Predchádzajúci názov:Sborník Matice slovenskej pre históriu, literárnu históriu a pre jazykovedu
Médium: Časopis
Jazyk:Slovak
Vydané: Turčiansky sv. Martin : Matica slovenská, 1946-1948.
Témy:
Tagy: Pridať tag
Žiadne tagy, Buďte prvý kto otaguje tento záznam!

MARC

LEADER 00000nas a22000001a 4500
001 000366366
003 SVKK
005 20130108114434.0
008 970526c19461948xo fr|p||| |0 b0slo c
022 |a 1335-6364 
040 |a BAA003  |b slo  |e AACR2 
041 0 |a slo 
044 |a xo  |c SK 
080 |a 811.162.4  |2 2006 
080 |a 070.486  |2 2006 
210 1 |a Jazykoved. sb. 
222 0 |a Jazykovedný sborník 
245 0 0 |a Jazykovedný sborník :  |b časopis Jazykovedného odboru Matice slovenskej. 
246 3 3 |a Jazykovedný sborník 
260 |a Turčiansky sv. Martin :  |b Matica slovenská,  |c 1946-1948. 
310 |a Nepravidelne 
362 0 |a 1946 - 1948 
500 |a V dvojročníku 1.-2. vyšli dve dvojčísla a jedno štvorčíslo, ktoré vyšlo až v júli 1948. V roč. 3.1948 vyšlo dvojčíslo 1-2 v decembri 1948. R.1949 nevychádzal 
500 |a R.1950-1952 nasledujúceho titulu sú spracované vo fonde kníh 
650 8 |a 811.162.4  |2 MDT 
650 8 |a 070.486  |2 MDT 
650 9 |a jazykoveda  |2 SKP 
780 0 0 |t Sborník Matice slovenskej pre históriu, literárnu históriu a pre jazykovedu  |x 1335-3217 
785 0 0 |t Jazykovedný sborník Slovenskej akadémie vied a umení 
910 |a KE001  |r 1.1946-3.1948  |b B.2 
998 |a SE 
090 |g CASOS  |k Sklad Pribinova 1. posch.  |a B.2  |j 807  |i 2720188739  |s Prezenčne 
090 |g CASOS  |k Sklad Pribinova 1. posch.  |a B.2  |j 808  |i 2720786694  |s Prezenčne